000
00241nam a22001097a 4500
082
_a
891.4391 DIL'S
100
_a
DILL, DILL NAWAZ
_9
67265
245
_a
SUKHAN-E-DILL NAWAZ
260
_a
LAHORE
_b
ALBOOK
_c
1993
300
_a
191P
942
_c
BK
999
_c
575085
_d
575085